Západné Slovensko hospodársky, kultúrny a sociálný vývoj za prvých 20 rokov štátnej samostatnosti
Gespeichert in:
| Format: | Buch |
|---|---|
| Sprache: | Slowakisch |
| Veröffentlicht: |
Trnava
Národohospodárska župa západoslovenska
1938
|
| Tags: |
Keine Tags, Fügen Sie das erste Tag hinzu!
|
MARC
| LEADER | 00000nam a2200000 4500 | ||
|---|---|---|---|
| 001 | c116798 | ||
| 005 | 20250604111417.5 | ||
| 041 | 0 | |a slo | |
| 044 | |a SK | ||
| 245 | 1 | 0 | |a Západné Slovensko |b hospodársky, kultúrny a sociálný vývoj za prvých 20 rokov štátnej samostatnosti |
| 264 | 1 | |a Trnava |b Národohospodárska župa západoslovenska |c 1938 | |
| 300 | |a 272 s. | ||